Estatísticas para Quiz do mapa dos estados dos Estados Unidos

Clique aqui para jogar o quiz

Estatísticas Gerais

  • Esse quiz foi jogado 1 352 vezes
  • A pontuação média é 23 de 50

Respostas no mapa

Respostas codificadas por cores de uma escala verde-vermelha no mapa do quiz de acordo com a % correta abaixo.
 

Estatísticas das Respostas

Resposta% Correto
Alasca
87%
Califórnia
85%
Havaí
83%
Washington
78%
Texas
77%
Flórida
75%
Novo México
68%
Dacota do Sul
61%
Nevada
60%
Arizona
59%
Oregon
59%
Dacota do Norte
58%
Carolina do Norte
53%
Colorado
53%
Montana
52%
Carolina do Sul
51%
Michigan
48%
Nova Iorque
48%
Geórgia
47%
Idaho
46%
Luisiana
44%
Utah
43%
Maine
42%
Oklahoma
41%
Virgínia
40%
Virgínia Ocidental
40%
Ohio
38%
Pensilvânia
38%
Alabama
37%
Cansas
37%
Indiana
37%
Minnesota
37%
Tennessee
36%
Ilha de Rodes
35%
Ilinóis
35%
Kentucky
34%
Wyoming
34%
Massachusetts
33%
Nebrasca
32%
Nova Jérsia
32%
Mississíppi
31%
Wisconsin
31%
Arcansas
30%
Delaware
30%
Nova Hampshire
30%
Marilândia
29%
Conecticute
28%
Iowa
28%
Vermont
26%
Missúri
24%

Distribuição das Pontuações

Percentil de Números Respondidos

Porcentagem de Pessoas com Cada Pontuação

Sua Pontuação Histórica

Você não jogou esse quiz